Využitie metódy konečných diferencií pri pokračovaní gravimetrických dát

Salvato in:
Dettagli Bibliografici
Autore principale: Holič, Jakub (Autore)
Altri autori: Janák, Juraj (Relatore della tesi)
Natura: Manoscritto Libro
Lingua:slovacco
Pubblicazione: 2024
Soggetti:
Accesso online:http://is.stuba.sk/zp/portal_zp.pl?podrobnosti=167560
https://opac.crzp.sk/?fn=detailBiblioForm&sid=E866CA411CD4E51497B18169BB2C
Tags: Aggiungi Tag
Nessun Tag, puoi essere il primo ad aggiungerne!!

MARC

LEADER 00000ntm a22000003a 4500
001 stuzp98578
003 SK-STU
005 20240920105048.5
007 ta
008 150427s2015----xo-----f-mn---000-0-slo-d
040 |a STU  |b slo 
041 0 |a slo 
100 1 |a Holič, Jakub  |u 010130  |4 aut  |U SvF Stavebná fakulta  |T SvF Katedra globálnej geodézie a geoinformatiky  |X 114935  |U V130  |Y 13  |7 114935 
242 0 1 |a Application of Finite Difference Method for continuation of gravity data  |y eng 
245 1 0 |a Využitie metódy konečných diferencií pri pokračovaní gravimetrických dát 
260 |c 2024 
650 4 |a Poruchový potenciál  |2 slo 
650 4 |a Dirichletove a Neumannove okrajové podmienky  |2 slo 
650 4 |a Metóda konečných diferencií  |2 slo 
650 4 |a Geodetická okrajová úloha  |2 slo 
650 4 |a Finite difference method  |2 eng 
650 4 |a Disturbing potential  |2 eng 
650 4 |a Geodesic boundary value problem  |2 eng 
650 4 |a Dirichlet and Neumann boundary conditions  |2 eng 
700 1 |a Janák, Juraj  |u 010130  |k Z1  |4 ths  |U SvF Stavebná fakulta  |T SvF Katedra globálnej geodézie a geoinformatiky  |X 876  |U V130  |Y 13  |7 A000000876 
856 4 |u http://is.stuba.sk/zp/portal_zp.pl?podrobnosti=167560 
856 4 |u https://opac.crzp.sk/?fn=detailBiblioForm&sid=E866CA411CD4E51497B18169BB2C